|
|
|
|
| LEADER |
00000ckm a2200000 a 4500 |
| 001 |
vtls011889104 |
| 003 |
SK-MaSNL |
| 005 |
20260301145056.0 |
| 007 |
kf ho |
| 008 |
230706q1885 xo g kuhun |
| 015 |
|
|
|a SNBG
|
| 035 |
|
|
|a urn:nbn:sk:snk-km00e9vm
|
| 035 |
|
|
|a urn:nbn:sk:snk-km43hal
|
| 035 |
|
|
|a 1D6288FB-050B-4B07-BD19-8BE137FE8ACC
|
| 040 |
|
|
|a SNK
|b slo
|c SNK
|e AACR2
|
| 041 |
0 |
|
|a hun
|
| 043 |
|
|
|a e-xo---
|
| 044 |
|
|
|a xo
|c SK
|
| 072 |
|
7 |
|a 913
|x Regionálna geografia
|2 konspekt
|
| 080 |
|
|
|a 913(437.6)
|2 2011
|
| 080 |
|
|
|a 725.1:352
|2 2011
|
| 080 |
|
|
|a 726:27-523.42
|2 2011
|
| 080 |
|
|
|a 711.61
|2 2011
|
| 080 |
|
|
|a 94(084.121)
|2 2011
|
| 080 |
|
|
|a 625.712.4
|2 2011
|
| 245 |
0 |
0 |
|a Városháza
|h grafika
|
| 246 |
3 |
1 |
|a Nyitrabajna mezőváros
|
| 246 |
3 |
1 |
|a Nyitrabajna Róm. kath. Templom
|
| 260 |
|
|
|a [Slovensko?]
|b E. S. Dr.
|c [medzi 1885 a 1907?]
|
| 300 |
|
|
|a 1 pohľadnica (3 čiastkové pohľady)
|b kolorovaná
|c 9 x 14 cm
|
| 500 |
|
|
|a Názvové údaje prevzaté z obrazovej časti pohľadnice
|
| 500 |
|
|
|a Na adresnej časti uvedené: "10 391"
|
| 520 |
8 |
|
|a Zobrazenie: Tri čiastkové pohľady v ozdobnom orámovaní, s kvetinovým ornamentom tiahnucim sa medzi nimi, na bielom podklade. Jeden ohľad na polia a obec v pozadí, jeden pohľad na kostol na námestí a jeden pohľad na kostol zo zadnej strany s radnicou vľavo
|
| 650 |
0 |
7 |
|a radnice
|2 SNKPH
|9 27759
|
| 650 |
0 |
7 |
|a kostoly
|2 SNKPH
|9 3023
|
| 650 |
0 |
7 |
|a námestia
|2 SNKPH
|9 26291
|
| 651 |
|
7 |
|a Bojná (Slovensko)
|2 SNKPHgeo
|9 89451
|
| 655 |
|
7 |
|a miestne pohľadnice
|2 SNKPH
|9 70510
|
| 655 |
|
7 |
|a historické pohľadnice
|2 SNKPH
|9 159703
|
| 852 |
|
|
|a Slovenská národná knižnica
|
| 958 |
|
|
|a GBN
|
| 958 |
|
|
|a GC
|
| 958 |
|
|
|a ONDV
|
| 999 |
|
|
|c 779015
|d 780945
|
| 952 |
|
|
|a SNK
|b SNK
|y PREZ
|7 0
|p 17A1224518
|o snkSP 9532
|z Pohľadnica prešla poštou.
|0 0
|1 0
|4 0
|d 2019-09-24
|f 1
|l 0
|r 2026-02-24 00:59:38
|w 2026-02-24
|
| 952 |
|
|
|a SNK
|b SNK
|y PREZ
|7 0
|p 17A1380737
|o snkSP 9532 D1
|8 0
|z Pohľadnica prešla poštou.
|0 0
|1 0
|4 0
|d 2020-03-06
|l 0
|r 2026-02-24 00:59:38
|w 2026-02-24
|